LEADER 01204nam a2200265 i 4500 001 000000207289 003 CaOOAMICUS 005 20111026000000.0 008 111026s1965 it u000 u ita u 013 $a186066 040 $aSeMil$bita 100 1 $aLombardo Radice, Lucio,$d<1916-1982>.$0(OLS)http://semarc/name/3881 245 10$aIstituzioni di algebra astratta con «Esercizi e complementi» /$cLucio Lombardo Radice ; con "esercizi e complementi" a cura di V. Corbas, G. Panella. 250 $a2. edizione. 260 $aMilano :$bFeltrinelli,$c1965. 300 $aXIII, 476 p. ;$c23 cm. 490 0 $aCollana di algebra [Feltrinelli] ;$v3 650 4$aAlgebra.$0(OLS)http://semarc/subject/4886 700 1 $aPanella, Gianfranco.$0(OLS)http://semarc/name/74444 700 1 $aCorbas, Vassili.$0(OLS)http://semarc/name/74443 830 0$aCollana di algebra ;$v3.$0(OLS)http://semarc/title/33028 850 $aSeMil 852 $aSeMil$W1$xVenegono$y1$m3W V 339$j157752$B157752$CSeMilBibl$Z2$F168992 $81 996 $6245$aIstituzioni di algebra astratta con «Esercizi e complementi»$9(OLS)http://semarc/title/299807 996 $6260$aMilano :$bFeltrinelli$9(OLS)http://semarc/publisher/30237 LEADER 00998nam a2200229 i 4500 001 000000116692 003 CaOOAMICUS 005 20160615000000.0 008 160615s2002 it u000 u ita u 013 $a89381 040 $aSeMil$bita 100 1 $aRobbiati, Angelo.$0(OLS)http://semarc/name/903 245 13$aUn secolo a Legnanello :$bmomenti di vita parrocchiale (1902 - 2002) /$cAngelo Robbiati. 260 $aLegnano :$bParrocchia SS. Redentore,$ccopyr. 2002. 300 $a175 p. :$bill. ;$c31 cm. 500 $aContiene : Appendici ; Fonti e bibliografia. 650 4$aLegnano - Chiese - Santissimo Redentore.$0(OLS)http://semarc/subject/46081 850 $aSeMil 852 $aSeMil$W1$xVenegono$y1$m3P VI 449$j72108$B72108$CSeMilBibl$Z2$F75935 $81 961 $aOmaggio: Altro 996 $6245$aUn secolo a Legnanello :$bmomenti di vita parrocchiale (1902 - 2002)$9(OLS)http://semarc/title/171127 996 $6260$aLegnano :$bParrocchia SS. Redentore$9(OLS)http://semarc/publisher/45593